|
|
|
|
| LEADER |
00000nam a2200000 i 4500 |
| 001 |
DIGHEDICNSB0001 |
| 003 |
NyNyDIG |
| 008 |
200415s2011 sp a ob 000 0 spa d |
| 006 |
m o d |
| 007 |
cr ||||||||||| |
| 035 |
|
|
|a (OCoLC)1152797249
|
| 040 |
|
|
|a DGITA
|b eng
|e rda
|e pn
|c DGITA
|
| 020 |
|
|
|a 9788466650090
|q eBook
|q ePub
|
| 020 |
|
|
|a 8466650091
|q eBook
|q ePub
|
| 020 |
|
|
|z 9788466649094
|
| 020 |
|
|
|z 8466649093
|
| 041 |
1 |
|
|a spa
|h ger
|
| 043 |
|
|
|a n-us---
|
| 050 |
1 |
4 |
|a HV6432.7 ebook
|
| 082 |
0 |
4 |
|a 973.931
|
| 100 |
1 |
|
|a Bröckers, Mathias,
|d 1954-
|e author.
|
| 240 |
1 |
0 |
|a 11.9.
|l Spanish
|s (Alonso)
|
| 245 |
1 |
0 |
|a 11-S :
|b las teorías de la conspiración y los secretos nunca revelados del 11-S /
|c Mathias Bröckers ; traductor: María Alonso.
|
| 246 |
3 |
3 |
|a 11S
|
| 246 |
3 |
3 |
|a Once-S
|
| 246 |
3 |
0 |
|a Teorías de la conspiración y los secretos nunca revelados del 11-S
|
| 250 |
|
|
|a 1a edición digital.
|
| 264 |
|
1 |
|a Barcelona :
|b Ediciones B,
|c 2011.
|
| 300 |
|
|
|a 1 online resource :
|b illustrations.
|
| 336 |
|
|
|a text
|b txt
|2 rdacontent
|
| 337 |
|
|
|a computer
|b c
|2 rdamedia
|
| 338 |
|
|
|a online resource
|b cr
|2 rdacarrier
|
| 347 |
|
|
|a text file
|2 rdaft
|
| 347 |
|
|
|b EPUB
|
| 500 |
|
|
|a Subtitle from cover.
|
| 504 |
|
|
|a Includes bibliographical references.
|
| 588 |
0 |
|
|a Online resource; title from ePub title page (Digitalia, viewed April 15, 2020)
|
| 650 |
|
0 |
|a September 11 Terrorist Attacks, 2001.
|
| 650 |
|
0 |
|a Conspiracies.
|
| 650 |
|
0 |
|a Terrorism
|x Government policy
|z United States.
|
| 610 |
2 |
0 |
|a World Trade Center (New York, N.Y.)
|
| 655 |
|
0 |
|a Electronic books.
|
| 700 |
1 |
|
|a Alonso, María,
|e translator.
|
| 700 |
1 |
|
|i Translation of:
|a Bröckers, Mathias, 1954-
|t 11.9.
|
| 791 |
2 |
|
|a Digitalia (Firm),
|e distributor.
|
| 793 |
0 |
|
|g Digitalia eBook Collection:
|a Ediciones B
|
| 776 |
0 |
8 |
|i Print version:
|a Bröckers, Mathias, 1954-
|s 11.9. Spanish (Alonso)
|t 11-S.
|d Barcelona : Ediciones B, 2011
|z 9788400103538
|w (OCoLC)1001938152
|
| 856 |
4 |
0 |
|3 Digitalia Hispánica
|u https://www.digitaliapublishing.com/a/53308/
|
| 910 |
|
|
|a Premium collection: 2020
|